| 000 | 00523nam a2200229Ia 4500 | ||
|---|---|---|---|
| 005 | 20250425162151.0 | ||
| 008 | 250425s9999 xx 000 0 und d | ||
| 020 | _a9978621687 | ||
| 041 | _aspa | ||
| 043 | _aec | ||
| 082 | _a868 | ||
| 100 | _aKINGMAN, NICOLAS | ||
| 245 | 0 | _aLA ESCOBA DE LA BRUJA | |
| 250 | _a1A ED. | ||
| 260 |
_aEcuador _bCASA DE LA CULTURA ECUATORIANA _c2000 |
||
| 260 | _aQUITO | ||
| 300 | _a99 | ||
| 650 | _aCUENTOS | ||
| 650 | _aESCRITOS LITERARIOS | ||
| 942 | _c01 | ||
| 010 | _a54140 | ||
| 999 |
_c223697 _d223697 |
||